States with the Most Supercenter Walmarts Quiz Stats

 Plays Quiz not verified by Sporcle

Also try: Click-a-Rock
Challenge
Share
Tweet
Embed
Score 0/50 Timer 07:00
0 Plays Today
# of Stores State % Correct
259Texas
97.6%
132Florida
84.2%
104Georgia
70.1%
86Tennessee
60.7%
81Ohio
59.8%
80North Carolina
56.4%
76Alabama
53.9%
79Missouri
52.6%
62Arkansas
52.1%
71Pennsylvania
51.7%
65Indiana
51.7%
62Virginia
51.3%
52Illinois
49.4%
62Louisiana
49.2%
60Kentucky
48.9%
54Mississippi
48.5%
54Oklahoma
48.1%
50South Carolina
47.9%
37New York
47.9%
17California
47.4%
0Alaska
47.4%
0Hawaii
46.6%
45Colorado
46.1%
44Arizona
45.9%
39Iowa
45.3%
# of Stores State % Correct
41Michigan
45.1%
39Kansas
45.1%
12Maine
44.2%
28New Mexico
44%
44Wisconsin
43.6%
24Minnesota
43.6%
0Vermont
43.4%
20Washington
43.2%
14Idaho
43.2%
27West Virginia
42.3%
26Utah
41.9%
12Oregon
41.9%
18Nevada
41.7%
23Nebraska
41.5%
10South Dakota
41.4%
8Maryland
40%
7New Hampshire
39.8%
7Montana
39.5%
8Wyoming
39.1%
4Delaware
38.5%
1Rhode Island
38.2%
4Connecticut
37.6%
4North Dakota
37.2%
3Massachusetts
36.5%
1New Jersey
36.3%

You're not logged in!

Compare scores with friends on all Sporcle quizzes.
OR
Log In

You Might Also Like...

Show Comments

Extras

Created Jan 31, 2010SourceReportNominate
Tags:State Quiz, palmar, store

Top Quizzes Today


Score Distribution

Your Account Isn't Verified!

In order to create a playlist on Sporcle, you need to verify the email address you used during registration. Go to your Sporcle Settings to finish the process.

Report this User

Report this user for behavior that violates our Community Guidelines.

Details: